Management of Adrenal Masses in Children and Adults (Запис № 447418)

МАРК-запис
000 -LEADER
fixed length control field 04281nam a22005655i 4500
001 - CONTROL NUMBER
control field 978-3-319-44136-8
003 - CONTROL NUMBER IDENTIFIER
control field DE-He213
005 - DATE AND TIME OF LATEST TRANSACTION
control field 20210118130502.0
007 - PHYSICAL DESCRIPTION FIXED FIELD--GENERAL INFORMATION
fixed length control field cr nn 008mamaa
008 - FIXED-LENGTH DATA ELEMENTS--GENERAL INFORMATION
fixed length control field 161007s2017 gw | s |||| 0|eng d
020 ## - INTERNATIONAL STANDARD BOOK NUMBER
International Standard Book Number 9783319441368
-- 978-3-319-44136-8
024 7# - OTHER STANDARD IDENTIFIER
Standard number or code 10.1007/978-3-319-44136-8
Source of number or code doi
050 #4 - LIBRARY OF CONGRESS CALL NUMBER
Classification number RD1-811
072 #7 - SUBJECT CATEGORY CODE
Subject category code MNC
Source bicssc
072 #7 - SUBJECT CATEGORY CODE
Subject category code MED085000
Source bisacsh
072 #7 - SUBJECT CATEGORY CODE
Subject category code MNC
Source thema
082 04 - DEWEY DECIMAL CLASSIFICATION NUMBER
Classification number 617
Edition number 23
245 10 - TITLE STATEMENT
Title Management of Adrenal Masses in Children and Adults
Medium [electronic resource] /
Statement of responsibility, etc edited by Electron Kebebew.
250 ## - EDITION STATEMENT
Edition statement 1st ed. 2017.
264 #1 -
-- Cham :
-- Springer International Publishing :
-- Imprint: Springer,
-- 2017.
300 ## - PHYSICAL DESCRIPTION
Extent XIV, 310 p. 74 illus., 37 illus. in color.
Other physical details online resource.
336 ## -
-- text
-- txt
-- rdacontent
337 ## -
-- computer
-- c
-- rdamedia
338 ## -
-- online resource
-- cr
-- rdacarrier
347 ## -
-- text file
-- PDF
-- rda
505 0# - FORMATTED CONTENTS NOTE
Formatted contents note Epidemiology of Adrenal Neoplasms -- The Pathology of Adrenal Masses -- Genetics of Benign Adrenocortical Tumors -- Genetics of Adrenocortical Cancers -- Genetics of Pheochromocytoma and Paraganglioma -- Imaging Modalities for Adrenocortical Tumors -- Imaging Modalities for Pheochromocytoma and Paraganglioma -- Primary Hyperaldosteronism -- Cushing Syndrome: Presentation, Diagnosis, and Treatment, Including Subclinical Cushing Syndrome -- Management of Pheochromocytoma and Paraganglioma -- Congenital Adrenal Hyperplasia -- Adrenocortical Carcinoma -- Operative Techniques for Adrenal Neoplasms -- Therapies for Locally Advanced and Metastatic Adrenocortical Carcinoma -- .
520 ## - SUMMARY, ETC.
Summary, etc This book is designed to present a comprehensive and state-of the-art approach to the management of adrenal neoplasms that provides a resource to the broad group of providers that will encounter such a patient. Sections address issues that are faced by providers who encounter a patient with an adrenal neoplasm. These areas include an overview of the genetic basis and familial cancer syndrome-associated with adrenal neoplasms, pathobiology, advanced and tumor specific imaging approaches and technologies, biochemical analysis, standard medical and surgical therapies, and emerging technology and treatment approaches to benign and malignant adrenal neoplasms. Written by experts in the field, each of these sections address level of clinical evidence and provide recommendations and treatment algorithms. Extensive illustrations make this an interactive text. Management of Adrenal Masses in Children and Adults will serve as a very useful resource for all providers dealing with, and interested in this common but challenging tumor. It will provide a concise yet comprehensive summary of the current status of the field that will help guide patient management and stimulate investigative efforts.
506 ## - RESTRICTIONS ON ACCESS NOTE
Terms governing access Available to subscribing member institutions only. Доступно лише організаціям членам підписки.
506 ## - RESTRICTIONS ON ACCESS NOTE
Standardized terminology for access restriction Online access from local network of NaUOA.
506 ## - RESTRICTIONS ON ACCESS NOTE
Standardized terminology for access restriction Online access with authorization at https://link.springer.com/
506 ## - RESTRICTIONS ON ACCESS NOTE
Standardized terminology for access restriction Онлайн-доступ з локальної мережі НаУОА.
506 ## - RESTRICTIONS ON ACCESS NOTE
Standardized terminology for access restriction Онлайн доступ з авторизацією на https://link.springer.com/
650 #0 - SUBJECT ADDED ENTRY--TOPICAL TERM
Topical term or geographic name as entry element Surgery.
650 #0 - SUBJECT ADDED ENTRY--TOPICAL TERM
Topical term or geographic name as entry element Oncology  .
650 #0 - SUBJECT ADDED ENTRY--TOPICAL TERM
Topical term or geographic name as entry element Endocrinology .
650 14 - SUBJECT ADDED ENTRY--TOPICAL TERM
Topical term or geographic name as entry element General Surgery.
-- http://scigraph.springernature.com/things/product-market-codes/H59044
650 24 - SUBJECT ADDED ENTRY--TOPICAL TERM
Topical term or geographic name as entry element Oncology.
-- http://scigraph.springernature.com/things/product-market-codes/H33160
650 24 - SUBJECT ADDED ENTRY--TOPICAL TERM
Topical term or geographic name as entry element Endocrinology.
-- http://scigraph.springernature.com/things/product-market-codes/H33053
700 1# - ADDED ENTRY--PERSONAL NAME
Personal name Kebebew, Electron.
Relator term editor.
Relator code edt
-- http://id.loc.gov/vocabulary/relators/edt
710 2# - ADDED ENTRY--CORPORATE NAME
Corporate name or jurisdiction name as entry element SpringerLink (Online service)
773 0# - HOST ITEM ENTRY
Title Springer eBooks
776 08 - ADDITIONAL PHYSICAL FORM ENTRY
Display text Printed edition:
International Standard Book Number 9783319441344
776 08 - ADDITIONAL PHYSICAL FORM ENTRY
Display text Printed edition:
International Standard Book Number 9783319441351
776 08 - ADDITIONAL PHYSICAL FORM ENTRY
Display text Printed edition:
International Standard Book Number 9783319829913
856 40 - ELECTRONIC LOCATION AND ACCESS
Uniform Resource Identifier <a href="https://doi.org/10.1007/978-3-319-44136-8">https://doi.org/10.1007/978-3-319-44136-8</a>
912 ## -
-- ZDB-2-SME
942 ## - ADDED ENTRY ELEMENTS (KOHA)
Koha item type ЕКнига

Немає доступних примірників.